| 000 | 01032nam a22002417a 4500 | ||
|---|---|---|---|
| 005 | 2010101908158.0 | ||
| 008 | 101019t xxu||||| |||| 00| 0 hin d | ||
| 010 | _aHIN-90882 | ||
| 020 |
_a9788191052176 _c150.00 |
||
| 035 | _aHN-63228 | ||
| 037 | _bDBAD / PUB | ||
| 040 |
_aDPL _bHN |
||
| 082 | _aक | ||
| 100 |
_aपांडे, नवरत्न _923632 |
||
| 245 |
_aचिन्दी-चिन्दी अक्स / _cनवरत्न पांडे |
||
| 246 |
_aChindi Chindi Aksh _bby Navratn Panday |
||
| 260 |
_aनई दिल्ली _bबाल निधी _c2010 |
||
| 270 |
_a6/36, प्रथम तल, विक्रम विहार, लाजपत नगर-iv _bनई दिल्ली _e110024 |
||
| 300 |
_a104पृ. _c22सेमी (सजिल्द) |
||
| 650 | _9657 | ||
| 942 |
_2ddc _cHN _hक _mपांडेन |
||
| 999 |
_c48431 _d48431 |
||